000 00592nam a2200193Ia 4500
003 GCL
008 140319s9999 xx 000 0 ara d
040 _aGCL /
_cGCL
082 0 4 _a251.12
_bا ا
100 1 _aاحمد ابوكف
245 1 0 _aال بيت النبى صلى الله عليه وسلم فى مصر /
_cاحمد ابوكف
260 _aالقاهرة :
_bدار المعارف ،
_c1988
300 _a251 ص ؛
_c251
490 _a
650 0 4 _aالسنة النبوية
650 0 4 _aافعال الرسول
650 0 4 _aبيت اهل الرسول
942 _2ddc
_cBK
999 _c53111
_d53111